00837nam a22001337a 4500008004100000020001500041050002100056100001500077245003500092260003500127300002500162505048000187650003600667120803t xxu||||| |||| 00| 0 eng d a0072253703 aQA76.73.C153.K33 aKent, Jeff aC++ demystified. /cJeff, Kent aNew York:bMcgraw-hill,c2004. axviii,348 p.:c24cm. aContents: How a c++ program works -- Memory and data types -- Variables -- Arithmetic operators -- Making decisions: if and swith stataments -- Nested if statments and logical operators -- The For loop -- While and do while loops -- Functions -- Arrays -- What's the address? Pointers -- Character, c-string and c++ string class functions -- Persistent data: file input and output -- The Road ahead: structures and classes -- Final exam -- Answers to quizzes and final exam. aC++ (Computer program language)